=LDR 00000nam 2200000 4500 =001 INLIS000000000027837 =005 20130612130201 =008 ***********************************ind** =035 ##$$0010-061300000027837 =041 ##$$a ind =082 ##$$a 2x7.959 8 =090 ##$$a 2x7.959 8, MAN r =100 ##$$a Mansur =245 ##$$a Rekonstruksi sejarah pendidikan Islam di Indonesia, Mansur, Mahfud Junaedi =260 ##$$a 2005 $b Jakarta =300 ##$$a viii, 196 hlm., 21 cm =650 ##$$a Sejarah Pendidikan Islam Indonesia =700 ##$$a Junaedi, Mahfud =850 ##$$a NBPNMAT =990 ##$$a 0001/BPAP-NTB/2016